LEADER 02429oas 2200853 a 450 001 9910146773603321 005 20251114213013.0 011 $a1778-7017 035 $a(OCoLC)42254928 035 $a(CONSER) 2004233174 035 $a(CKB)954925494976 035 $a(EXLCZ)99954925494976 100 $a19990827a19839999 sy 101 0 $aeng 181 $ctxt$2rdacontent 182 $cc$2rdamedia 183 $acr$2rdacarrier 200 10$aAnnales de l'I.H.P$iProbabilite?s et statistiques 210 $aParis $cElsevier Science 300 $aRefereed/Peer-reviewed 311 08$a0246-0203 517 1 $aAnnales de l'Institut Henri Poincare (B) probability and statistics 517 3 $aAnnales de l'IHP. 517 3 $aProbabilite?s et statistiques 517 3 $aProbability and statistics 517 1 $aAnn. Inst. Henri Poincare?. 517 1 $aAnnales de l'Institut Henri Poincare. 606 $aProbabilities$vPeriodicals 606 $aMathematical statistics$vPeriodicals 606 $aStatistics$vPeriodicals 606 $aProbabilite?s$xPe?riodiques 606 $aStatistique mathe?matique$xPe?riodiques 606 $aStatistiques$xPe?riodiques 606 $aProbabilite?s$vPe?riodiques 606 $aStatistics$2fast$3(OCoLC)fst01132103 606 $aMathematical statistics$2fast$3(OCoLC)fst01012127 606 $aProbabilities$2fast$3(OCoLC)fst01077737 608 $aPeriodicals.$2fast 608 $aPeriodicals.$2lcgft 615 0$aProbabilities 615 0$aMathematical statistics 615 0$aStatistics 615 6$aProbabilite?s$xPe?riodiques. 615 6$aStatistique mathe?matique$xPe?riodiques. 615 6$aStatistiques$xPe?riodiques. 615 6$aProbabilite?s 615 7$aStatistics. 615 7$aMathematical statistics. 615 7$aProbabilities. 676 $a519.2/05 712 02$aInstitut Henri Poincare? 801 0$bIWA 801 1$bIWA 801 2$bOCL 801 2$bOCLCQ 801 2$bGUA 801 2$bOCLCQ 801 2$bIUL 801 2$bU9S 801 2$bOCLCQ 801 2$bOCLCO 801 2$bOCLCQ 801 2$bOCLCF 801 2$bOCLCO 801 2$bOCLCQ 801 2$bU3W 801 2$bOCLCO 801 2$bOCL 801 2$bOCLCQ 801 2$bOCLCL 906 $aJOURNAL 912 $a9910146773603321 996 $aAnnales de l'I.H.P$92043860 997 $aUNINA